000
00198 a2200097 4500
001
2587
100
_a
Mc Scotch,
245
_a
Fighter pilot
260
_a
_b
George Routledge
_c
090
_c
1884
_d
1884
942
_a
NUST-CAE
_c
M
_c
9824
999
_c
237660
_d
237660